| 000 | 01477nam0a2200361 4500 | ||
|---|---|---|---|
| 001 | RU\NLR\bibl\1132061 | ||
| 005 | 20260406051356.0 | ||
| 010 |
_a5-9524-1670-5 _96000 |
||
| 021 |
_aRU _b2007-55030 _92924 |
||
| 035 | _a(nilc)EL/0000054268 | ||
| 035 | _aRUM0010304 | ||
| 035 | _a(NLR Aleph) 001118968 | ||
| 090 |
_a1285807 _c1285807 |
||
| 100 | _a20060314d2005 |||y0rusy50 ca | ||
| 101 | 0 | _arus | |
| 102 | _aRU | ||
| 105 | _aa z ||||| | ||
| 200 | 1 |
_aПримулы _fГалина Тавлинова |
|
| 210 |
_aМосква _cЦентрполиграф _aСанкт-Петербург _cМиМ-Дельта _d2005 |
||
| 215 |
_a107 с. _cил. _d20 |
||
| 225 | 1 | _aМир цветов | |
| 606 | 1 |
_aПримула _jПопулярные издания _xКультура _91988973 _3RU\NLR\auth\66913007 |
|
| 610 | 0 |
_aпримула _aPrimula _aвиды _aсорта _aботаническое описание _aкомнатные растения _aоткрытый грунт _aагротехника _aуход за растениями |
|
| 675 |
_a635.9:582.689.2 _v4 |
||
| 686 |
_a68.35.57.47.51 _2rugasnti |
||
| 686 | _aП274.9примула-4я9 | ||
| 700 | 1 |
_4070 _8rus _7ca _aТавлинова _bГ. К. _gГалина Константиновна _3RU\NLR\auth\776665 _9116614 |
|
| 801 | 0 |
_aRU _bЦНСХБ РАСХН _c20050915 _gPSBO |
|
| 801 | 1 |
_aRU _bЦНСХБ РАСХН _c20060315 |
|
| 801 | 2 |
_aRU _bNLR _c20070924 _grcr |
|
| 942 | _cBOOK | ||
| 980 | _aNB | ||